[Event "Djerba Blitz op"]
[Site "Djerba"]
[Date "2025.02.19"]
[Round "2"]
[White "Khider, Amilia"]
[Black "Guinet, Andy"]
[Result "1-0"]
[WhiteElo "1524"]
[BlackElo "1665"]
[PlyCount "77"]
[EventDate "2025.02.19"]
[EventType "swiss (blitz)"]
[EventRounds "9"]
[EventCountry "TUN"]
[SourceTitle "CB09_2025"]
[SourceDate "2025.02.27"]
[SourceVersion "1"]
[SourceVersionDate "2025.02.27"]
[SourceQuality "1"]

1. e4 g6 2. d4 Bg7 3. Nf3 d6 4. Bc4 Bg4 5. Be2 Nc6 6. c3 Nf6 7. h3 Bxf3 8. Bxf3 0-0 9. Be3 e5 10. d5 Ne7 11. Nd2 c6 12. c4 cxd5 13. cxd5 Nd7 14. Nc4 Nc8 15. Qd2 b5 16. Na5 f5 17. Nc6 Qe8 18. g3 Ne7 19. Nxa7 fxe4 20. Bxe4 Qb8 21. Nc6 Nxc6 22. dxc6 Nf6 23. Bg2 Qc7 24. 0-0 e4 25. Rac1 Ra6 26. Qb4 Rxc6 27. Qxb5 Rxc1 28. Rxc1 Qe7 29. a4 Nd7 30. Rc7 Rf7 31. a5 Qe6 32. a6 Ne5 33. Qb8+ Bf8 34. a7 Rxc7 35. Qxc7 Qe8 36. Qb8 Qxb8 37. axb8Q Kg7 38. Bxe4 Nc4 39. Qc7+ 1-0